Employment of women in army supply depots in 1943 / (Record no. 36488)

MARC details
000 -LEADER
fixed length control field 01076cam a22003011 4500
001 - CONTROL NUMBER
control field l 45000012
003 - CONTROL NUMBER IDENTIFIER
control field DLC
005 - DATE AND TIME OF LATEST TRANSACTION
control field 20260227111539.0
008 - FIXED-LENGTH DATA ELEMENTS--GENERAL INFORMATION
fixed length control field 950105s1945 dcua f000 0 eng
010 ## - LIBRARY OF CONGRESS CONTROL NUMBER
LC control number l 45000012
035 ## - SYSTEM CONTROL NUMBER
System control number (OCoLC)31823490
040 ## - CATALOGING SOURCE
Original cataloging agency DLC
Transcribing agency PPT
Modifying agency DLC
043 ## - GEOGRAPHIC AREA CODE
Geographic area code n-us---
050 00 - LIBRARY OF CONGRESS CALL NUMBER
Classification number HD6093
Item number .A35 no. 192-8
082 04 - DEWEY DECIMAL CLASSIFICATION NUMBER
Classification number 331.4 s
100 1# - MAIN ENTRY--PERSONAL NAME
Personal name DeCaux, Caroline A.
245 10 - TITLE STATEMENT
Title Employment of women in army supply depots in 1943 /
Statement of responsibility, etc. [by Caroline A. Decaux]
260 ## - PUBLICATION, DISTRIBUTION, ETC.
Place of publication, distribution, etc. Washington,
Name of publisher, distributor, etc. U.S. Govt. Print. Off.,
Date of publication, distribution, etc. 1945.
300 ## - PHYSICAL DESCRIPTION
Extent v, 33 p.
Other physical details ill.
Dimensions 23 cm.
490 1# - SERIES STATEMENT
Series statement Bulletin of the Women's Bureau,
Volume/sequential designation no. 192-8
500 ## - GENERAL NOTE
General note At head of title: United States Dept. of Labor, Women's Bureau.
500 ## - GENERAL NOTE
General note "By Caroline A. DeCaux."--Letter of transmittal.
650 #0 - SUBJECT ADDED ENTRY--TOPICAL TERM
Topical term or geographic name entry element World War, 1939-1945
General subdivision Women
Geographic subdivision United States.
650 #0 - SUBJECT ADDED ENTRY--TOPICAL TERM
Topical term or geographic name entry element Women
General subdivision Employment
Geographic subdivision United States.
610 10 - SUBJECT ADDED ENTRY--CORPORATE NAME
Corporate name or jurisdiction name as entry element United States.
Subordinate unit Army
General subdivision Supplies and stores.
710 1# - ADDED ENTRY--CORPORATE NAME
Corporate name or jurisdiction name as entry element United States.
Subordinate unit Women's Bureau.
830 #0 - SERIES ADDED ENTRY--UNIFORM TITLE
Uniform title Bulletin (United States. Women's Bureau) ;
Volume/sequential designation no. 192-8.

No items available.

Powered by Koha